MARC details
| 000 -LEADER |
| fixed length control field |
00608cam a2200181 4500 |
| 001 - CONTROL NUMBER |
| control field |
WS108239 |
| 008 - FIXED-LENGTH DATA ELEMENTS--GENERAL INFORMATION |
| fixed length control field |
000000n 000 0 eng u |
| 035 ## - SYSTEM CONTROL NUMBER |
| System control number |
(Sirsi) u108239 |
| 245 ## - TITLE STATEMENT |
| Title |
BSE Inquiry |
| 520 ## - SUMMARY, ETC. |
| Summary, etc. |
Web pages for this government inquiry including its opening statements, transcripts of evidence, press releases, a history of BSE and a glossary and bibliography. |
| 650 ## - SUBJECT ADDED ENTRY--TOPICAL TERM |
| Topical term or geographic name entry element |
BSE |
| 650 ## - SUBJECT ADDED ENTRY--TOPICAL TERM |
| Topical term or geographic name entry element |
GLOSSARY |
| 650 ## - SUBJECT ADDED ENTRY--TOPICAL TERM |
| Topical term or geographic name entry element |
PUBLIC INQUIRY |
| 650 ## - SUBJECT ADDED ENTRY--TOPICAL TERM |
| Topical term or geographic name entry element |
GOVERNMENT |
| 690 ## - LOCAL SUBJECT ADDED ENTRY--TOPICAL TERM (OCLC, RLIN) |
| Topical term or geographic name as entry element |
Rural |
| 9 (RLIN) |
6268 |
| 856 40 - ELECTRONIC LOCATION AND ACCESS |
| Uniform Resource Identifier |
<a href="https://www.bse.org.uk">https://www.bse.org.uk</a> |
| Public note |
View the website free of charge at www.bse.org.uk... |
| 942 ## - ADDED ENTRY ELEMENTS (KOHA) |
| Suppress in OPAC |
0 |